Score 0/32 Timer 04:00
0 Plays Today
Movie Title Missing Word % Correct
Who Framed Roger ___?Rabbit
90.1%
Hannah ___: The MovieMontana
86.4%
___ Neutron: Boy GeniusJimmy
75.6%
Star Wars: Ep. I - The ___ MenacePhantom
74.7%
2001: A Space ___Odyssey
72.3%
___ JuiceBeetle
67.6%
The ___ Has LandedEagle
62.6%
The Fifth ___Element
60%
I Am ___Legend
58.5%
The Treasure of the ___ MadreSierra
57.8%
Deal of the ___Century
52.5%
TRON: ___Legacy
50.5%
The Man Who Shot ___ ValanceLiberty
47.1%
The Adventures of ___ FairlaneFord
46.6%
Get ___Smart
42.4%
Galaxy ___Quest
42.3%
Movie Title Missing Word % Correct
___ to a KissPrelude
39.9%
___ from New YorkEscape
38.8%
I Love You, Beth ___Cooper
37.8%
Green ___Hornet
37.3%
___ DivideContinental
27.8%
Pink ___Cadillac
27.4%
___ RisingMercury
25.8%
The Toxic ___Avenger
23.6%
___ of DarknessEdge
16.6%
Herbie Goes to ___ ___Monte Carlo
15.5%
Flight of the ___Navigator
14.2%
Young Mr. ___Lincoln
11.6%
The Road to ___ ___El Dorado
11.1%
___ BillyBronco
9.9%
Now, ___Voyager
8.9%
___ of the WillTriumph
7.6%

Today's Daily Dose

Remove Ads.
Support Sporcle.
Get the best of Sporcle when you Go Orange. This ad-free experience offers more features, more stats, and more fun while also helping to support Sporcle. Thank you for becoming a member.

You're not logged in!

Compare scores with friends on all Sporcle quizzes.
OR
Log In

Show Comments

Extras

Top Quizzes Today


Score Distribution

Your Account Isn't Verified!

In order to create a playlist on Sporcle, you need to verify the email address you used during registration. Go to your Sporcle Settings to finish the process.

Report this User

Report this user for behavior that violates our Community Guidelines.

Details: